[Event "Saratov"]
[Site "Saratov"]
[Date "2010.06.19"]
[Round "11"]
[White "Eramian, Gamlet"]
[Black "Isaev, Alexander G"]
[Result "1/2-1/2"]
[WhiteElo "2023"]
[BlackElo "2042"]
[PlyCount "56"]
[EventDate "2010.06.12"]
[EventType "tourn"]
[EventRounds "13"]
[EventCountry "RUS"]
[SourceTitle "CBM 137 Extra"]
[Source "ChessBase"]
[SourceDate "2010.09.01"]
[SourceVersion "1"]
[SourceVersionDate "2010.09.01"]
[SourceQuality "1"]

1. e4 c5 2. Nf3 e6 3. d4 cxd4 4. Nxd4 Nf6 5. Nc3 d6 6. Be2 Be7 7. 0-0 0-0 8. f4 a6 9. a4 Nc6 10. Be3 Qc7 11. Kh1 Re8 12. a5 Nxa5 13. e5 dxe5 14. fxe5 Qxe5 15. Bf4 Qc5 16. Na4 Qa7 17. Bc7 b5 18. Nb6 Qxc7 19. Nxa8 Qc5 20. Rxa5 Rd8 21. Nb3 Rxd1 22. Nxc5 Rxf1+ 23. Bxf1 Bxc5 24. Ra1 Bb7 25. Nc7 Ne4 26. Be2 Nf2+ 27. Kg1 Ng4+ 28. Kh1 Nf2+ 1/2-1/2

[Event "Saratov"]
[Site "Saratov"]
[Date "2010.06.18"]
[Round "9"]
[White "Fedukin, Alexandre"]
[Black "Isaev, Alexander G"]
[Result "1/2-1/2"]
[WhiteElo "2001"]
[BlackElo "2042"]
[PlyCount "76"]
[EventDate "2010.06.12"]
[EventType "tourn"]
[EventRounds "13"]
[EventCountry "RUS"]
[SourceTitle "CBM 137 Extra"]
[Source "ChessBase"]
[SourceDate "2010.09.01"]
[SourceVersion "1"]
[SourceVersionDate "2010.09.01"]
[SourceQuality "1"]

1. d4 d5 2. Nf3 Nf6 3. e3 e6 4. Bd3 c5 5. c3 Bd6 6. Qe2 Nc6 7. Nbd2 0-0 8. dxc5 Bxc5 9. e4 e5 10. 0-0 Bg4 11. h3 Bh5 12. exd5 Nxd5 13. Nc4 Re8 14. Rd1 e4 15. Bxe4 Bg6 16. Nce5 Bxe4 17. Qxe4 Nxe5 18. Qxd5 Qc7 19. Bf4 Nxf3+ 20. Qxf3 Qe7 21. Rd5 Bb6 22. Re5 Qf6 23. Rae1 Rxe5 24. Rxe5 Bc7 25. Re4 Bxf4 26. Rxf4 Qe7 27. Re4 Qd7 28. Qe3 a6 29. Re7 Qc6 30. Qf4 Rf8 31. c4 b5 32. Rc7 Qe6 33. c5 Qxa2 34. c6 Qd5 35. b4 h6 36. Qg4 Kh7 37. Qd7 Qc4 38. Qd6 Re8 1/2-1/2

[Event "Saratov"]
[Site "Saratov"]
[Date "2010.06.12"]
[Round "2"]
[White "Isaev, Alexander G"]
[Black "Alimov, Ravil"]
[Result "1/2-1/2"]
[WhiteElo "2042"]
[BlackElo "1849"]
[PlyCount "60"]
[EventDate "2010.06.12"]
[EventType "tourn"]
[EventRounds "13"]
[EventCountry "RUS"]
[SourceTitle "CBM 137 Extra"]
[Source "ChessBase"]
[SourceDate "2010.09.01"]
[SourceVersion "1"]
[SourceVersionDate "2010.09.01"]
[SourceQuality "1"]

1. d4 c6 2. c4 d5 3. cxd5 cxd5 4. Nf3 Nf6 5. Bf4 e6 6. Nbd2 Bd6 7. Bxd6 Qxd6 8. e3 0-0 9. Bd3 Nbd7 10. 0-0 b6 11. Rc1 Bb7 12. Qa4 a6 13. Rc2 b5 14. Qb3 Rfc8 15. Rfc1 Rxc2 16. Rxc2 Rc8 17. Rxc8+ Bxc8 18. Qc3 Bb7 19. a3 Ne4 20. Qc2 Qc6 21. Qxc6 Bxc6 22. b4 Nxd2 23. Nxd2 Nb6 24. Nb3 Bb7 25. Nc5 Bc8 26. Kf1 f5 27. Ke2 Kf7 28. Bc2 Ke7 29. Kf3 g5 30. h3 Kd6 1/2-1/2

[Event "Saratov RSOCF Cup"]
[Site "Saratov"]
[Date "2010.01.25"]
[Round "7"]
[White "Isaev, Alexander G"]
[Black "Tregub, Anatoliy"]
[Result "1-0"]
[WhiteElo "2078"]
[BlackElo "1900"]
[PlyCount "77"]
[EventDate "2010.01.19"]
[EventType "swiss"]
[EventRounds "9"]
[EventCountry "RUS"]
[SourceTitle "CBM 134 Extra"]
[Source "ChessBase"]
[SourceDate "2010.03.03"]
[SourceVersion "1"]
[SourceVersionDate "2010.03.03"]
[SourceQuality "1"]

1. d4 d5 2. c4 e6 3. Nc3 Nf6 4. Nf3 c6 5. e3 b6 6. Qc2 Bb7 7. b3 Nfd7 8. Be2 g6 9. 0-0 Bg7 10. Bb2 0-0 11. e4 dxe4 12. Nxe4 c5 13. Nd6 Bc6 14. Ne5 Nxe5 15. dxe5 Nd7 16. f4 Qc7 17. Bg4 Qd8 18. Rad1 Qe7 19. Qe2 Rfd8 20. Rd2 Nf8 21. Rfd1 Rd7 22. a3 Rad8 23. b4 f5 24. Bf3 Bxf3 25. Qxf3 g5 26. g3 Ng6 27. Bc1 gxf4 28. gxf4 Kh8 29. Rd3 Kg8 30. Be3 cxb4 31. axb4 Bxe5 32. fxe5 Nxe5 33. Qg3+ Ng6 34. Bg5 Qf8 35. Bxd8 Rxd8 36. c5 e5 37. Qg5 bxc5 38. Nxf5 Rxd3 39. Rxd3 1-0

[Event "Saratov RCT"]
[Site "Saratov"]
[Date "2009.10.12"]
[Round "7"]
[White "Poleschikov, Alexey2222"]
[Black "Isaev, Alexander G"]
[Result "0-1"]
[WhiteElo "1952"]
[BlackElo "2083"]
[PlyCount "96"]
[EventDate "2009.10.05"]
[EventType "tourn"]
[EventRounds "13"]
[EventCountry "RUS"]
[SourceTitle "EXT 2012"]
[Source "ChessBase"]
[SourceDate "2011.11.24"]
[SourceVersion "1"]
[SourceVersionDate "2011.11.24"]
[SourceQuality "1"]

1. d4 Nf6 2. Nf3 c5 3. d5 b5 4. g3 g6 5. Bg2 Bb7 6. Nh4 d6 7. 0-0 Bg7 8. c3 0-0 9. a4 a6 10. axb5 axb5 11. Rxa8 Bxa8 12. Na3 Qb6 13. Qb3 Nbd7 14. e4 Rb8 15. h3 b4 16. Nb1 bxc3 17. Qxb6 Nxb6 18. Nxc3 Nc4 19. Nd1 Nd7 20. f4 Nxb2 21. Nxb2 Bxb2 22. Bxb2 Rxb2 23. Ra1 Rb8 24. Ra7 Bb7 25. Nf3 Nb6 26. Kf2 f5 27. exf5 Nc8 28. Ra3 Bxd5 29. fxg6 Rb2+ 30. Kg1 hxg6 31. Nh4 Bxg2 32. Nxg2 Kf7 33. Ne3 Nb6 34. Rc3 Ke6 35. g4 Nd5 36. Nxd5 Kxd5 37. Re3 c4 38. Kf1 Kd4 39. Rxe7 c3 40. Rc7 Kd3 41. Rc6 c2 42. Rxd6+ Ke3 43. Rc6 Rb1+ 44. Kg2 c1Q 45. Rxc1 Rxc1 46. Kg3 Ke4 47. f5 gxf5 48. g5 f4+ 0-1

[Event "Saratov RCT"]
[Site "Saratov"]
[Date "2009.10.11"]
[Round "6"]
[White "Isaev, Alexander G"]
[Black "Kahramanov, Bahtijar"]
[Result "1-0"]
[WhiteElo "2083"]
[BlackElo "2006"]
[PlyCount "77"]
[EventDate "2009.10.05"]
[EventType "tourn"]
[EventRounds "13"]
[EventCountry "RUS"]
[SourceTitle "EXT 2012"]
[Source "ChessBase"]
[SourceDate "2011.11.24"]
[SourceVersion "1"]
[SourceVersionDate "2011.11.24"]
[SourceQuality "1"]

1. d4 d5 2. c4 Nc6 3. Nc3 Nf6 4. cxd5 Nxd5 5. e4 Nxc3 6. bxc3 e5 7. d5 Nb8 8. Nf3 Bd6 9. Be2 0-0 10. 0-0 Nd7 11. Be3 Qe7 12. Nd2 Nc5 13. Bg4 Qh4 14. Bxc8 Raxc8 15. Bxc5 Bxc5 16. Qc2 c6 17. Rab1 b6 18. Nf3 Qe7 19. c4 Rfd8 20. a4 Rd6 21. Qb2 Re8 22. Rfe1 Rf6 23. a5 g5 24. axb6 g4 25. b7 Rb8 26. Qxe5 Bxf2+ 27. Kh1 Qxe5 28. Nxe5 Bxe1 29. Rxe1 Rxb7 30. Nxc6 Rf2 31. d6 Re2 32. Rf1 Rxe4 33. c5 Rd7 34. Nb8 Rd8 35. Nc6 Rd7 36. Kg1 Re3 37. Rc1 Rb3 38. Ne7+ Kg7 39. c6 1-0

[Event "Saratov RCT"]
[Site "Saratov"]
[Date "2009.10.06"]
[Round "2"]
[White "Palin, Denis"]
[Black "Isaev, Alexander G"]
[Result "1/2-1/2"]
[WhiteElo "1924"]
[BlackElo "2083"]
[PlyCount "52"]
[EventDate "2009.10.05"]
[EventType "tourn"]
[EventRounds "13"]
[EventCountry "RUS"]
[SourceTitle "EXT 2012"]
[Source "ChessBase"]
[SourceDate "2011.11.24"]
[SourceVersion "1"]
[SourceVersionDate "2011.11.24"]
[SourceQuality "1"]

1. d4 Nf6 2. c4 c5 3. d5 b5 4. cxb5 a6 5. Nc3 axb5 6. e4 b4 7. Nb5 d6 8. Bf4 g5 9. Bxg5 Nxe4 10. Bf4 Bg7 11. Qc2 Nf6 12. Nf3 0-0 13. Bc4 Ba6 14. a4 bxa3 15. Nxa3 Bxc4 16. Qxc4 Nbd7 17. 0-0-0 Nb6 18. Qb3 Qc7 19. Nb5 Qb7 20. Nc3 Rfb8 21. g4 Nbd7 22. Qxb7 Rxb7 23. g5 Ng4 24. Rhe1 Ra1+ 25. Kc2 Rxd1 26. Rxd1 Nge5 1/2-1/2